Biggest Cities of the Normans on a Map - Statistics

General Stats
  • This quiz has been taken 309 times
  • The average score is 21 of 46
Answers on the Map
Answers color-coded by a green-red scale on the quiz's map according to % correct below.
 
Answer Stats
Population City % Correct
40k Lunden (London)
99%
9k Donbelin (Dublin)
95%
15k Bordel (Bordeaux)
92%
36k Neapoli (Naples)
90%
30k Balermus (Palermo)
85%
11k Eurvic (York)
82%
10k Leucosia (Nicosia)
82%
6k Nametis (Nantes)
78%
5k Nouum Castrum (Newcastle upon Tyne)
74%
15k Roem (Rouen)
73%
6k Cadum (Caen)
71%
18k Mesana (Messina)
68%
10k Norwic (Norwich)
68%
7k Catana (Catania)
66%
7k Redonis (Rennes)
65%
40k Antioche (Antakya)
61%
12k Tors (Tours)
58%
8k Lincolia (Lincoln)
54%
5k Execestre (Exeter)
52%
5k Wincestre (Winchester)
52%
5k Caunterbery (Canterbury)
50%
6k Tarento (Taranto)
49%
11k Peitiers (Poitiers)
48%
7k Angeus (Angers)
47%
7k Salerna (Salerno)
44%
10k Tripolis (Tripoli)
44%
5k Limoges
41%
5k Colecestre (Colchester)
35%
6k Laodiceé (Latakia)
32%
5k Licce (Lecce)
29%
5k Girgenti (Agrigento)
28%
10k Drepanus (Trapani)
23%
5k Marsala
23%
10k Bardulos (Barletta)
19%
5k Nyorto (Niort)
18%
5k Pereguers (Périgueux)
18%
5k Agen
17%
7k Castrum Ioannes (Enna)
17%
9k Coraigliòn (Corleone)
16%
5k Turenum (Trani)
11%
5k Turris Graeci (Torre del Greco)
10%
5k Garagnone (Gravina in Puglia)
9%
5k Sanseverinus (San Severo)
9%
8k Luceria (Lucera)
8%
7k Leocata (Licata)
6%
5k Anziano (Lanciano)
5%
No matching quizzes found
Score Distribution
Percent of People with Each Score
Percentile by Number Answered
Your Score History
You have not taken this quiz